Racionalidad y conciencia trágica: la modernidad según Max Weber
সংরক্ষণ করুন:
| প্রধান লেখক: | |
|---|---|
| বিন্যাস: | গ্রন্থ |
| ভাষা: | স্প্যানিশ |
| প্রকাশিত: |
Madrid
Trotta
1996
|
| মালা: | Colección Estructuras y Procesos. Serie Filosofía
|
| বিষয়গুলি: | |
| ট্যাগগুলো: |
ট্যাগ যুক্ত করুন
কোনো ট্যাগ নেই, প্রথমজন হিসাবে ট্যাগ করুন!
|
MARC
| LEADER | 00000nam a2200000 a 4500 | ||
|---|---|---|---|
| 001 | UCO0577 | ||
| 003 | CL-VaPUC | ||
| 008 | 000420e19960000SP |||||||||||||||||spa|d | ||
| 082 | 0 | 4 | |a 128.3 |b RUA |2 21 |
| 100 | 0 | |a Ruano de la Fuente, Yolanda |e author |9 441907 | |
| 245 | 1 | 0 | |a Racionalidad y conciencia trágica: la modernidad según Max Weber |
| 300 | |a 122 p | ||
| 942 | |c BK | ||
| 945 | |d 20000420 00:00:00 |a rbrito | ||
| 260 | |a Madrid |b Trotta |c 1996 | ||
| 600 | 0 | 7 | |a WEBER, MAX |2 CL-VaPUC |9 314708 |
| 650 | 0 | |a Racionalidad |9 323325 | |
| 650 | 0 | |a Modernidad |9 265371 | |
| 650 | 0 | |a Crítica e interpretación |9 255042 | |
| 583 | |a last modification |c 20000420 00:00:00 |k Rodrigo Vera | ||
| 490 | 0 | |a Colección Estructuras y Procesos. Serie Filosofía | |
| 999 | |c 287236 |d 287234 | ||
| 952 | |0 0 |1 0 |4 0 |6 128_300000000000000_RUA_1996 |7 0 |8 A |9 333730 |a BIBEDU |b BIBEDU |d 2019-11-20 |i 3611418 |o 128.3 RUA 1996 |p 3611418 |r 2019-11-20 |w 2019-11-20 |y BK |k FIL | ||